Capitales d'Asie - Statistiques

Statistiques générales
  • Ce quiz a été pris 155 fois
    131 depuis la dernière actualisation
  • Le résultat moyen est 31 sur 48
Statistiques - réponses
Pays Capitales % Correct
Corée du Sud Séoul
86%
Arménie Erevan
85%
Russie Moscou
85%
Japon Tokyo
85%
Israël Jérusalem
83%
Afganistan Kaboul
83%
Chine Pékin
83%
Corée du Nord Pyongyang
83%
Arabie saoudite Riyad
83%
Singapour Singapour
79%
Koweït Koweït
78%
Azerbaïdjan Bakou
76%
Indonésie Jakarta
76%
Turquie Ankara
75%
Bangladesh Dacca
75%
Inde New Delhi
75%
Irak Bagdad
74%
Liban Beyrouth
74%
Syrie Damas
74%
Iran Téhéran
74%
Malaisie Kuala Lumpur
72%
Philippines Manille
72%
Thaïlande Bangkok
71%
Viêt Nam Hanoï
71%
Pakistan Islamabad
71%
Mongolie Oulan-Bator
71%
Jordanie Amman
69%
Népal Kathmandu
68%
Qatar Doha
67%
Yémen Sanaa
63%
Laos Vientiane
60%
Timor Oriental Dili
58%
Oman Mascate
58%
Maldives Malé
57%
Kazakhstan Astana
56%
Bahreïn Manama
56%
Cambodge Phnom Penh
56%
Géorgie Tbilissi
56%
Bhoutan Thimbu
53%
Émirats Arabes Unis Abou Dhabi
51%
Kirghizistan Bichkek
51%
Turkménistan Achgabat
46%
Ouzbékistan Tachkent
44%
Brunei Bandar Seri Begawan
35%
Tadjikistan Douchambé
35%
Sri Lanka Sri Jayawardenapura Kotte
35%
Palestine Jérusalem-Est
29%
Birmanie Nay Pi Daw
29%
Aucun quiz correspondant
Distribution des résultats
% des personnes avec chaque résultat
Percentile par nombre de réponses
Votre historique - résultats
Vous n’avez pas pris ce quiz depuis la dernière actualisation